Retrouvez 25 mots à partir d'une définition humoristique 10 - Statistiques

Statistiques générales
  • Ce quiz a été pris 18 fois
  • Le résultat moyen est 3 sur 25
Statistiques - réponses
Définition Initiale Nbre de lettres Mot % Correct
CAP C 3 Cap
64%
Il perd ceux qu'il gagne M 3 Mal
45%
Minute chez le notaire, ou heure à l'Opéra A 4 Acte
27%
Ne se laisse pas taper deux fois dessus A 3 Ace
18%
Juteux dans le quartier A 8 Adjudant
18%
Fit un travail à la noix E 5 Ecala
18%
Ne doit pas être sujet à la migraine E 8 Ecervelé
18%
Donneuse de conseils N 4 Nuit
18%
Opinion dans le vent B 9 Banderole
9%
Four qui refroidit E 5 Echec
9%
On les voyait venir avec leurs petits sabots F 6 Faunes
9%
Sorte de cannes G 9 Gambettes
9%
Se levait après le tournoi H 5 Hanap
9%
Il est souvent entre le rire et les larmes J 4 Jean
9%
Voiture avec loupiote L 6 Landau
9%
Ne peut jurer C 7 Camaïeu
0%
Se cacha pour faire rire C 6 Caméra
0%
Couvre le ciel D 3 DCA
0%
Abimait le portrait I 10 Iconoclaste
0%
Jardinière de légumes M 10 Jardinière
0%
Elles grognent dans les taillis L 5 Laies
0%
Objet de nos jeunes aspirations L 4 Lait
0%
Ouverture de coffre L 11 Laparotomie
0%
Les lumières de la ville N 8 Notables
0%
Un pour qui tous les chats ne sont pas gris N 9 Nyctalope
0%
Aucun quiz correspondant
Distribution des résultats
% des personnes avec chaque résultat
Percentile par nombre de réponses
Votre historique - résultats
Vous n’avez pas pris ce quiz